| 000 | 00747nam a22002177a 4500 | ||
|---|---|---|---|
| 999 |
_c187391 _d187391 |
||
| 008 | 220416b ||||| |||| 00| 0 eng d | ||
| 010 | _aB-94699 | ||
| 020 |
_a8123907206 _c75.00 |
||
| 035 | _aB-94699 | ||
| 037 |
_aDBAD/ PUB _bCBS Publisher |
||
| 082 |
_a617.564 _bPAN |
||
| 100 | _aPanda.U.N | ||
| 245 |
_aBack pain;Reason And Remedies/ _bReason And Remedies/ _cPanda.U.N/ Sahoo,P.K _hEnglish |
||
| 246 | _aवैक पेन :रीज़न एंड रेमेडीज / | ||
| 250 | _a2002 | ||
| 260 |
_aNew Delhi _bCBS Publisher _c2002 |
||
| 270 | _a4596/1-A 11 Darya Ganj,New Delhi-110002 | ||
| 300 |
_a122p, _bWith Images _c20 cm,PVK |
||
| 700 | _aPanda.U.N | ||
| 942 |
_2ddc _cEN _e2002 _h617.564 _kPAN _mPanda.U.N |
||